| 000 | 01575cam a22004334i 4500 | ||
|---|---|---|---|
| 003 | PE-LiUPU | ||
| 005 | 20250731175647.0 | ||
| 008 | 150616s1967 xxk r 000 0 eng d | ||
| 035 | _a(Sirsi) a9870 | ||
| 040 |
_aPE-LiUPU _bspa _cPE-LiUPU _erda |
||
| 049 | _aPRUA | ||
| 082 | 0 | 4 |
_a492.29 _bC83 _221 |
| 100 | 1 |
_aCowley, A. E., _d1861-1931 _qArthur Ernest, _eautor. |
|
| 245 | 1 | 0 |
_aAramaic Papyri of the Fifth Century B.C. / _cEditado, con traducción y notas, por A. Cowley. |
| 264 | 1 |
_aOxford : _bClarendon Press, _c1967. |
|
| 300 |
_a319 páginas ; _c24 centímetros |
||
| 336 |
_atext _2rdacontent |
||
| 337 |
_aunmediated _2rdamedia |
||
| 338 |
_avolume _2rdacarrier |
||
| 505 | 0 | _aAramaic papyri: texts -- Index of words and names. | |
| 526 | _aP145 | ||
| 526 | _aP127 | ||
| 526 | _aP97 | ||
| 526 | _aP35 | ||
| 526 | _aP14 | ||
| 526 | _aP07 | ||
| 650 | 0 | 4 | _aPapiros arameos. |
| 650 | 0 | 4 |
_aArameo _vTextos. |
| 650 | 0 | 4 |
_aJudios _xHistoria _y586 aC-70 dC. |
| 651 |
_aElefantina (Egipto) _xAntigüedades. |
||
| 700 | 1 |
_aDarius I, King of Persia, _d548-485 B.C. |
|
| 910 |
_ajck _bjvq _cjck |
||
| 942 |
_2ddc _cBOOK |
||
| 949 |
_a492.29 C83 _wDEWEY _c1 _i43400 _lCCODEBUL1 _mBUL _p30.00 _r0 _sY _tBOOK _u19971030 _xTEOLOGIA _zUNKNOWN _0COMPRA _o.STAFF. Colección Teología |
||
| 994 |
_aC0 _bPEPRU |
||
| 596 | _a1 | ||
| 999 |
_a492.29 C83 _wDEWEY _c61370 _i43400 _f2021-11-11 _g5 _lCCODEBUL1 _mBUL _p30.00 _r0 _sY _tBOOK _u2015-6-16 _xTEOLOGIA _PP35 _0COMPRA _o.STAFF. Colección Teología _d61370 |
||
| 980 |
_81 _gALBERTO SANCHEZ Responsable de Automatización |
||